=LDR 00000nam 2200000 4500 =001 INLIS000000000018334 =005 20130612113518 =008 ***********************************Ind** =035 ##$$0010-061300000018334 =041 ##$$a Ind =082 ##$$a 336.56 =090 ##$$a 336.56, Ars k =100 ##$$a Arsyad, Nurdjaman =245 ##$$a Keuangan negara, Drs. Nurdjaman Arsyad =260 ##$$a 1992 $b Jakarta =300 ##$$a xvi, 152 hlm, ilus, 21 cm =650 ##$$a Keuangan negara =850 ##$$a NBPNMAT